000 00851nam a2200205Ii 4500
003 JO-AjNU
008 230605s9999||||xx |||||||||||||| ||und||
017 _a2013/4/1067
040 _aJO-AjNU
_bara
_erda
_cJO-AjNU
041 _aara
050 1 4 _aDS154.53 2013
100 3 _aتاليف حتاملة، قيصر محمد؛ تقديم عامر طلال الفايز,
_eauthor
_949988
245 0 0 _aالملك المؤسس عبدالله الأول ابن الحسين: حياتة وإنجازاته وموافقه القومية
264 3 1 _aعمان: المؤلف، 2013
300 _a322ص
336 _atext
_btxt
_2rdacontent
337 _aunmediated
_bn
_2rdamedia
338 _avolume
_bnc
_2rdacarrier
650 4 _aالتراجم - السيرة الذاتية - عهد الملك عبدالله الاول بن الحسين 1946-1951
_949989
999 _aA21991
_c25559
_d25559